000 00342nam a22001457a 4500
003 OSt
005 20211229094022.0
008 211229b |||||||| |||| 00| 0 eng d
020 _a0072130954
040 _cHU
082 _a005.44769
100 _aIvens Kathy
_925692
245 _aQuick Books Financial Software 2001
942 _2ddc
_cBOOKS
_n0
999 _c24817
_d24817